[Event "3rd EUR-ch (w)"]
[Site "Varna BUL"]
[Date "2002.06.05"]
[Round "9.40"]
[White "Gerasimovich, Olga"]
[Black "Kharashkina, Bairta"]
[Result "1/2-1/2"]
[WhiteElo "2153"]
[BlackElo "2193"]
[EventDate "2002.05.27"]
[PlyCount "104"]

1.e4 c5 2.Nf3 Nc6 3.d4 cxd4 4.Nxd4 Nf6 5.Nc3 e5 6.Ndb5 d6 7.Bg5 a6 8.Na3 
b5 9.Nd5 Be7 10.Bxf6 Bxf6 11.c3 Ne7 12.Be2 Nxd5 13.Qxd5 Be6 14.Qd3 O-O 15.
Bf3 Qb6 16.O-O Rfd8 17.Rfd1 Bg5 18.Qe2 Rac8 19.Nc2 Bc4 20.Qe1 a5 21.Ne3 
Bxe3 22.Qxe3 Qxe3 23.fxe3 Be6 24.a3 Kf8 25.Rd2 Ke7 26.Kf2 Bb3 27.Bd1 Bxd1 
28.Raxd1 b4 29.axb4 axb4 30.cxb4 Rc4 31.Kf3 Rxb4 32.g4 Rb6 33.h4 Rc8 34.g5
Rc4 35.h5 Rcb4 36.Rb1 Ke6 37.Rc2 R6b5 38.Rd1 Rb6 39.Rdd2 Rb3 40.Kf2 f6 41.
gxf6 Kxf6 42.Kf3 R3b4 43.Rg2 Rb7 44.Rc6 R4b6 45.Rcc2 Ke6 46.Rcd2 Rb4 47.
Rg4 Rf7+ 48.Ke2 Rbb7 49.Rg2 Rf6 50.Rg3 Rh6 51.Rg5 Rf6 52.Rg2 Rff7 1/2-1/2

[Event "3rd EUR-ch (w)"]
[Site "Varna BUL"]
[Date "2002.06.05"]
[Round "9.41"]
[White "Mira, Helene"]
[Black "Johansson, Victoria"]
[Result "1-0"]
[WhiteElo "2127"]
[BlackElo "2189"]
[EventDate "2002.05.27"]
[PlyCount "73"]

1.d4 Nf6 2.Nf3 g6 3.c4 Bg7 4.Nc3 d6 5.e4 O-O 6.Be2 Nbd7 7.O-O e5 8.Be3 Ng4
9.Bg5 f6 10.Bd2 Nh6 11.dxe5 dxe5 12.b4 a5 13.a3 Nf7 14.c5 axb4 15.axb4 
Rxa1 16.Qxa1 f5 17.Bc4 f4 18.Rd1 g5 19.h4 gxh4 20.Nb5 Kh8 21.Bxf7 Rxf7 22.
Bc3 Qf6 23.Na7 h3 24.gxh3 Qe6 25.Kh2 Qe8 26.Nxc8 Qxc8 27.Nxe5 Nxe5 28.Bxe5
Qf8 29.Rg1 Bf6 30.Bxf6+ Rxf6 31.Rg4 Qh6 32.Qa8+ Qf8 33.Qxb7 h5 34.Rg5 Qf7 
35.Qd5 h4 36.Qxf7 Rxf7 37.Rg4 1-0

[Event "3rd EUR-ch (w)"]
[Site "Varna BUL"]
[Date "2002.06.05"]
[Round "9.42"]
[White "Andersson, Christin"]
[Black "Makka, Ioulia"]
[Result "1-0"]
[WhiteElo "2119"]
[BlackElo "2188"]
[EventDate "2002.05.27"]
[PlyCount "70"]

1.e4 c6 2.d4 d5 3.Nd2 dxe4 4.Nxe4 Nd7 5.Bc4 Ngf6 6.Nxf6+ Nxf6 7.Nf3 e6 8.
O-O Be7 9.Re1 O-O 10.Bf4 b6 11.Ne5 Bb7 12.c3 Nd5 13.Bxd5 Qxd5 14.Qg4 Rad8 
15.Bh6 Bf6 16.Re3 Kh8 17.Rg3 g6 18.Bxf8 Rxf8 19.Nd3 c5 20.dxc5 h5 21.Qf4 
Kh7 22.cxb6 e5 23.Qe3 Rd8 24.f4 h4 25.Rf3 e4 26.Nb4 Qf5 27.Rf2 Be7 28.Nc2 
Rd3 29.Qe2 Bc5 30.Nd4 Qd5 31.Rd1 Rxd1+ 32.Qxd1 e3 33.Re2 h3 34.Qd3 Bxb6 
35.Qxe3 Bc7 1-0

[Event "3rd EUR-ch (w)"]
[Site "Varna BUL"]
[Date "2002.06.05"]
[Round "9.43"]
[White "Velikhanli, Firuza"]
[Black "Jiretorn, Eva"]
[Result "1-0"]
[WhiteElo "2320"]
[BlackElo "2114"]
[EventDate "2002.05.27"]
[PlyCount "89"]

1.e4 c5 2.Nf3 d6 3.c3 Nf6 4.h3 g6 5.Bd3 Bg7 6.Bc2 O-O 7.O-O Nc6 8.Re1 Bd7 
9.d4 cxd4 10.cxd4 e5 11.Nc3 h6 12.Be3 Qb8 13.Rc1 Rc8 14.dxe5 dxe5 15.Bc5 
Re8 16.Nb5 Bf8 17.Bxf8 Rxf8 18.Qd2 Kg7 19.Bb3 a6 20.Nd6 Be6 21.Bxe6 fxe6 
22.Nc4 Rd8 23.Qc3 b5 24.Ncxe5 Nxe5 25.Nxe5 Rc8 26.Qg3 g5 27.Rxc8 Qxc8 28.
h4 Nh7 29.hxg5 hxg5 30.Rd1 Ra7 31.Qg4 Qc2 32.Rf1 Re7 33.b4 Qc3 34.Nf3 Qf6 
35.Rc1 Qb2 36.Rd1 Qe2 37.Rd6 Qxa2 38.Nxg5 Nxg5 39.Qxg5+ Kf7 40.Qh5+ Kg7 
41.Rd8 Qb1+ 42.Kh2 Qxe4 43.Qh8+ Kg6 44.Rg8+ Kf7 45.Qg7# 1-0

[Event "3rd EUR-ch (w)"]
[Site "Varna BUL"]
[Date "2002.06.05"]
[Round "9.44"]
[White "Papadopoulou, Vera"]
[Black "Doncheva, Marinela"]
[Result "1-0"]
[WhiteElo "2170"]
[BlackElo "2077"]
[EventDate "2002.05.27"]
[PlyCount "99"]

1.d4 Nf6 2.c4 g6 3.Nc3 Bg7 4.e4 d6 5.Be2 O-O 6.Bg5 h6 7.Be3 c6 8.h4 Qa5 9.
Qd2 h5 10.f3 Bd7 11.Nh3 Re8 12.Nf2 Na6 13.O-O Rad8 14.a3 Qc7 15.b4 e5 16.
d5 Bc8 17.Rab1 c5 18.Nd3 b6 19.Nb5 Qe7 20.Bg5 Rd7 21.bxc5 dxc5 22.a4 Qf8 
23.a5 Nh7 24.Be3 Qe7 25.axb6 axb6 26.Nc3 Rd6 27.Na4 Qd8 28.Rb3 Bd7 29.Ra1 
Nb8 30.Qb2 Bxa4 31.Rxa4 Nd7 32.Ra7 Qxh4 33.Rxd7 Rxd7 34.Rxb6 Bf8 35.Bf2 
Qg5 36.Nxc5 Rc7 37.Na6 Rcc8 38.c5 Nf6 39.d6 h4 40.Kh1 Red8 41.Nc7 Nh5 42.
Rb3 Nf4 43.Bf1 Rxc7 44.dxc7 Rd1 45.Bg1 Rxf1 46.c8=Q h3 47.g4 Ng2 48.Rb8 
Qh6 49.Qxf8+ Qxf8 50.Rxf8+ 1-0

[Event "3rd EUR-ch (w)"]
[Site "Varna BUL"]
[Date "2002.06.05"]
[Round "9.45"]
[White "Milliet, Sophie"]
[Black "Topel, Zehra"]
[Result "0-1"]
[WhiteElo "2163"]
[BlackElo "2023"]
[EventDate "2002.05.27"]
[PlyCount "160"]

1.e4 c6 2.d4 d5 3.Nc3 dxe4 4.Nxe4 Nf6 5.Nxf6+ gxf6 6.Nf3 Bf5 7.g3 Qd5 8.c4
Qe4+ 9.Qe2 Na6 10.a3 Qxe2+ 11.Bxe2 O-O-O 12.Be3 e6 13.b4 h5 14.Nh4 Be4 15.
O-O Bh6 16.Bxh6 Rxh6 17.Rad1 Nc7 18.Rfe1 Bh7 19.f4 Ne8 20.f5 Nd6 21.Bd3 
Nxf5 22.Bxf5 Bxf5 23.Nxf5 exf5 24.Rf1 h4 25.Rxf5 hxg3 26.hxg3 Rg6 27.Kf2 
Rdg8 28.Rd3 Rh8 29.d5 Rh2+ 30.Kf3 Rc2 31.c5 cxd5 32.Rfxd5 Rg7 33.Rd8+ Kc7 
34.R8d7+ Kc8 35.Re7 Rc4 36.Ree3 a5 37.Rb3 axb4 38.axb4 Rgg4 39.b5 Rg5 40.
b6 Rf5+ 41.Kg2 Rcxc5 42.Re7 Rb5 43.Ra3 Rb2+ 44.Kh3 Rh5+ 45.Kg4 Rg5+ 46.Kf4
Rf2+ 47.Rf3 Rxf3+ 48.Kxf3 Rb5 49.Rc7+ Kb8 50.Rxf7 Rxb6 51.Kf4 Rc6 52.Kf5 
b5 53.Rd7 b4 54.Rd3 Rb6 55.Rb3 Ka7 56.Ke4 Ka6 57.Kd3 Ka5 58.Kc2 Ka4 59.Rf3
Re6 60.Kb2 Re2+ 61.Kb1 Rg2 62.Rxf6 Rxg3 63.Kb2 Rg2+ 64.Kb1 Ka3 65.Rh6 Rg1+
66.Kc2 b3+ 67.Kc3 Rc1+ 68.Kd2 b2 69.Ra6+ Kb3 70.Rb6+ Ka2 71.Ra6+ Kb1 72.
Ra8 Rc7 73.Ra6 Rd7+ 74.Ke2 Rd4 75.Ke3 Rd5 76.Ke4 Rd2 77.Ke3 Kc1 78.Rc6+ 
Rc2 79.Rf6 b1=Q 80.Rf1+ Kb2 0-1

[Event "3rd EUR-ch (w)"]
[Site "Varna BUL"]
[Date "2002.06.05"]
[Round "9.46"]
[White "Dimovski, Aleksandra"]
[Black "Polushkina, Svetlana"]
[Result "1-0"]
[WhiteElo "2114"]
[BlackElo "2159"]
[EventDate "2002.05.27"]
[PlyCount "129"]

1.e4 c6 2.Nf3 d5 3.Nc3 Bg4 4.h3 Bxf3 5.Qxf3 e6 6.d3 Nf6 7.Bd2 Nbd7 8.g4 
Bd6 9.g5 Ne5 10.Qe2 d4 11.gxf6 dxc3 12.Bxc3 Qxf6 13.O-O-O Qg5+ 14.Bd2 Qe7 
15.f4 Nd7 16.Rg1 g6 17.Qf3 O-O-O 18.Bc3 Rhe8 19.d4 Nb6 20.Rg5 f5 21.e5 Bb4
22.h4 Na4 23.Bd2 Rd5 24.Qb3 Bxd2+ 25.Rxd2 Nb6 26.Qe3 Ra5 27.a3 Rd5 28.c3 
Rd7 29.Rdg2 h6 30.Rxg6 Qxh4 31.Qf2 Qxf2 32.Rxf2 Rh7 33.Rh2 h5 34.Rh4 Kd7 
35.Rg5 Reh8 36.Be2 Nd5 37.Kd2 b5 38.Bf3 a5 39.Bxd5 cxd5 40.Kc2 a4 41.Kd2 
Kc6 42.Ke2 Kd7 43.Kf3 Ke7 44.Kg3 Kf7 45.Rh1 h4+ 46.Kh3 Rg8 47.Rhg1 Rxg5 
48.Rxg5 Rh6 49.Rg2 Rh7 50.b3 Rh8 51.bxa4 bxa4 52.Rb2 Rc8 53.Kxh4 Rxc3 54.
Rb7+ Kg6 55.Re7 Rxa3 56.Rxe6+ Kg7 57.Ra6 Ra1 58.Kg5 a3 59.Ra7+ Kf8 60.Kf6 
Kg8 61.e6 a2 62.e7 Re1 63.Rxa2 Re3 64.Ra8+ Kh7 65.e8=Q 1-0

[Event "3rd EUR-ch (w)"]
[Site "Varna BUL"]
[Date "2002.06.05"]
[Round "9.47"]
[White "Stoilkovska, Sanja"]
[Black "Ismailova, Aytaj"]
[Result "1/2-1/2"]
[WhiteElo "2049"]
[BlackElo "2157"]
[EventDate "2002.05.27"]
[PlyCount "58"]

1.e4 c5 2.Nf3 d6 3.Nc3 Nf6 4.d4 cxd4 5.Nxd4 a6 6.Be2 e5 7.Nb3 Be7 8.Be3 
Be6 9.O-O O-O 10.f4 Qc7 11.f5 Bc4 12.Bxc4 Qxc4 13.Qf3 b5 14.a3 Nbd7 15.g4 
d5 16.Nd2 dxe4 17.Qg2 Qc6 18.g5 Bc5 19.Bxc5 Qxc5+ 20.Kh1 Nh5 21.Ndxe4 Qa7 
22.Nd5 f6 23.Qg4 Qb7 24.Ne7+ Kh8 25.Ng6+ hxg6 26.fxg6 Kg8 27.Qe6+ Kh8 28.
Qg4 Kg8 29.Qe6+ Kh8 1/2-1/2

[Event "3rd EUR-ch (w)"]
[Site "Varna BUL"]
[Date "2002.06.05"]
[Round "9.48"]
[White "Gjergji, Rozana"]
[Black "Zlatanova, Emilia"]
[Result "0-1"]
[WhiteElo "2029"]
[BlackElo "2137"]
[EventDate "2002.05.27"]
[PlyCount "176"]

1.e4 e5 2.Nf3 Nc6 3.Bb5 a6 4.Ba4 Nf6 5.O-O b5 6.Bb3 Be7 7.Re1 d6 8.h3 O-O 
9.c3 Na5 10.Bc2 c5 11.d4 Nd7 12.Be3 Nc4 13.b3 Nxe3 14.Rxe3 cxd4 15.cxd4 
Bf6 16.d5 Nb6 17.Nbd2 g6 18.a4 Bg7 19.axb5 axb5 20.Rxa8 Nxa8 21.Qa1 Bb7 
22.Bd3 Qb6 23.Nb1 f5 24.Nc3 b4 25.Na4 Qa5 26.Nd2 Nb6 27.Nc4 Nxc4 28.Bxc4 
fxe4 29.Rxe4 Bc8 30.Qe1 Bf5 31.Re2 Rc8 32.Ra2 e4 33.g4 Bd7 34.Qxe4 Re8 35.
Qf3 Rf8 36.Qd3 Qd8 37.Kg2 Be5 38.Re2 Qh4 39.Rc2 Bxg4 40.hxg4 Qh2+ 41.Kf1 
Bg3 42.Qe3 Qh1+ 43.Ke2 Rxf2+ 44.Kd3 Rf3 45.Ke4 Rxe3+ 46.Kxe3 Be5 47.Be2 
Qh3+ 48.Bf3 h5 49.gxh5 gxh5 50.Rc4 h4 51.Rxb4 Qf1 52.Rg4+ Kf8 53.Nb6 Qc1+ 
54.Kd3 Qc3+ 55.Ke2 Qc2+ 56.Kf1 Qxb3 57.Nd7+ Kf7 58.Nxe5+ dxe5 59.Kg2 h3+ 
60.Kg3 h2 61.Rh4 Ke7 62.Rxh2 e4 63.Rf2 exf3 64.Rxf3 Qxd5 65.Rf4 Ke6 66.Rf1
Qd3+ 67.Kg2 Ke5 68.Rf2 Qe3 69.Rf3 Qe2+ 70.Rf2 Qg4+ 71.Kh2 Ke4 72.Ra2 Qh4+ 
73.Kg2 Qg5+ 74.Kf2 Qe3+ 75.Kg2 Qb3 76.Rf2 Qg8+ 77.Kf1 Qg3 78.Re2+ Kd3 79.
Rd2+ Kc3 80.Re2 Qh3+ 81.Kg1 Kd3 82.Rg2 Qf3 83.Rf2 Qd1+ 84.Kg2 Qg4+ 85.Kh2 
Ke3 86.Rg2 Qh4+ 87.Kg1 Kf3 88.Kf1 Qh3 0-1

[Event "3rd EUR-ch (w)"]
[Site "Varna BUL"]
[Date "2002.06.05"]
[Round "9.49"]
[White "Smochina, Carolina"]
[Black "Karahaliou, Elia"]
[Result "0-1"]
[WhiteElo "2143"]
[BlackElo "2058"]
[EventDate "2002.05.27"]
[PlyCount "130"]

1.c4 Nf6 2.Nc3 e6 3.d4 c5 4.Nf3 cxd4 5.Nxd4 a6 6.e3 Qc7 7.Be2 b6 8.Bf3 Bb7
9.O-O Be7 10.b3 d5 11.cxd5 Qxc3 12.Bd2 Qc8 13.Rc1 Qd7 14.dxe6 fxe6 15.Nxe6
Bxf3 16.Qxf3 Qxe6 17.Qxa8 O-O 18.Bc3 Ng4 19.Bd4 Bd6 20.g3 Qh6 21.Qg2 Nd7 
22.f4 Bc5 23.Rfe1 Ngf6 24.Qc6 Qg6 25.Bxc5 Nxc5 26.Rcd1 Qg4 27.Qg2 Nce4 28.
Rd4 Re8 29.Rc1 Qe6 30.Qe2 Nc5 31.b4 Nce4 32.Qxa6 Nxg3 33.Qe2 Nge4 34.Qc4 
Kf7 35.Qxe6+ Rxe6 36.a4 Nd6 37.Rc7+ Re7 38.Rc6 Nf5 39.Rd3 Nxe3 40.Rxb6 
Ned5 41.Rb5 Nxf4 42.Rf3 Ne2+ 43.Kf2 Nd4 44.Rb6 Nxf3 45.Kxf3 Nd5 46.Rb8 
Re3+ 47.Kf2 Ra3 48.a5 Ra4 49.Rb7+ Kf6 50.Rb5 Nxb4 51.Rb6+ Kg5 52.Rb7 Kh6 
53.Kf3 g6 54.Rb6 Nd5 55.Rb5 Nc7 56.Re5 Na6 57.Rb5 Nb4 58.Rc5 Nd3 59.Rb5 
Nb4 60.Rb6 Nd5 61.Rb5 Nc7 62.Rc5 Ne6 63.Rd5 Nd4+ 64.Kg2 Nb3 65.Rd3 Nxa5 
0-1

[Event "3rd EUR-ch (w)"]
[Site "Varna BUL"]
[Date "2002.06.05"]
[Round "9.50"]
[White "Cavusoglu, Yildiz"]
[Black "Lauterbach, Ingrid"]
[Result "1-0"]
[WhiteElo "2036"]
[BlackElo "2127"]
[EventDate "2002.05.27"]
[PlyCount "77"]

1.d4 d6 2.Nf3 f5 3.Nc3 Nf6 4.Bg5 e6 5.e4 fxe4 6.Nxe4 Be7 7.Ng3 O-O 8.Bd3 
c5 9.dxc5 Qa5+ 10.Bd2 Qxc5 11.O-O Nc6 12.a3 d5 13.b4 Qd6 14.c4 d4 15.c5 
Qc7 16.Qe2 e5 17.b5 Nd8 18.Nxe5 Bxc5 19.Nf3 Bg4 20.Qe5 Bd6 21.Qxd4 Bxf3 
22.gxf3 Be5 23.Qc4+ Qxc4 24.Bxc4+ Nf7 25.Rad1 Rfc8 26.Bb3 g6 27.Rfe1 Bd6 
28.Bc1 Bxg3 29.fxg3 Rc3 30.Ba2 Rxf3 31.Re2 Ng4 32.Bd5 Rf5 33.Be6 Ne5 34.
Bxf5 gxf5 35.Bf4 Nc4 36.Rd7 Rf8 37.Bh6 Nce5 38.Bxf8 Nxd7 39.Bb4 1-0

[Event "3rd EUR-ch (w)"]
[Site "Varna BUL"]
[Date "2002.06.05"]
[Round "9.51"]
[White "Gunther, Anetta"]
[Black "Ozturk, Kubra"]
[Result "1-0"]
[WhiteElo "2116"]
[BlackElo "2017"]
[EventDate "2002.05.27"]
[PlyCount "91"]

1.e4 c5 2.Nf3 Nc6 3.d4 cxd4 4.Nxd4 Nf6 5.Nc3 d6 6.Bg5 e5 7.Ndb5 a6 8.Na3 
b5 9.Bxf6 Qxf6 10.Nd5 Qd8 11.c3 Bb7 12.Nc2 Be7 13.a4 bxa4 14.Rxa4 O-O 15.
Bc4 Na5 16.Nxe7+ Qxe7 17.Rxa5 Bxe4 18.Bd5 Bxd5 19.Qxd5 Qg5 20.O-O Rfd8 21.
Nb4 Qf6 22.Rd1 h6 23.Nc6 Rdc8 24.Qxd6 Rxc6 25.Qxe5 Qxe5 26.Rxe5 a5 27.Ra1 
Rca6 28.Ra4 f6 29.Rd5 Kf7 30.f4 Ke6 31.Rb5 R8a7 32.Kf2 Kd6 33.Ke3 Kc6 34.
c4 Re7+ 35.Kf3 Rea7 36.f5 Rb6 37.b4 Rxb5 38.cxb5+ Kxb5 39.Rxa5+ Rxa5 40.
bxa5 Kxa5 41.Kg4 Kb5 42.Kh5 Kc5 43.Kg6 Kd5 44.Kxg7 Ke5 45.Kg6 h5 46.h4 1-0

[Event "3rd EUR-ch (w)"]
[Site "Varna BUL"]
[Date "2002.06.05"]
[Round "9.53"]
[White "Ingolfsdottir, Harpa"]
[Black "Lomakina, Galia"]
[Result "1/2-1/2"]
[WhiteElo "2002"]
[BlackElo "2142"]
[EventDate "2002.05.27"]
[PlyCount "96"]

1.e4 c6 2.d4 d5 3.Nc3 dxe4 4.Nxe4 Nf6 5.Ng3 h5 6.h4 g6 7.Nf3 Bg4 8.c3 Qd6 
9.Be2 Nbd7 10.Be3 Bg7 11.Qd2 Nd5 12.Ne4 Qc7 13.Nfg5 Bf5 14.Ng3 e6 15.Nxf5 
exf5 16.Bc4 N7b6 17.Bxd5 Nxd5 18.c4 Nxe3 19.Qxe3+ Kd7 20.Nxf7 Rae8 21.Ne5+
Bxe5 22.dxe5 Qa5+ 23.Qd2+ Qxd2+ 24.Kxd2 Rxe5 25.Rhe1 Rhe8 26.Re3 Rxe3 27.
fxe3 Re4 28.g3 Rxc4 29.b3 Rg4 30.Rg1 g5 31.hxg5 h4 32.Ke2 hxg3 33.Kf3 Rxg5
34.Kf4 Rg8 35.Kxf5 g2 36.Kf4 Ke6 37.Kf3 Ke5 38.Rxg2 Rxg2 39.Kxg2 Ke4 40.
Kf2 c5 41.Ke2 b5 42.a3 a6 43.Kd2 Ke5 44.Kd3 Kd5 45.Kc3 Kc6 46.Kd3 Kb6 47.
Kc3 Kc6 48.Kd3 Kd5 1/2-1/2

[Event "3rd EUR-ch (w)"]
[Site "Varna BUL"]
[Date "2002.06.06"]
[Round "10.4"]
[White "Peptan, Corina-Isabela"]
[Black "Khurtsidze, Nino"]
[Result "1-0"]
[WhiteElo "2480"]
[BlackElo "2446"]
[EventDate "2002.05.27"]
[PlyCount "111"]

1.e4 c5 2.Nf3 e6 3.d4 cxd4 4.Nxd4 a6 5.Nc3 b5 6.Be3 b4 7.Na4 Bb7 8.Nb3 Nc6
9.Qd2 Nf6 10.f3 d6 11.Nb6 Rb8 12.O-O-O Be7 13.Qf2 Ne5 14.Qd2 Bxe4 15.Qxb4 
Bc6 16.Qa5 O-O 17.Bxa6 d5 18.c4 Bd6 19.c5 Bc7 20.Qc3 Ra8 21.Nxa8 Qxa8 22.
Be2 Qxa2 23.Kc2 d4 24.Bxd4 Nd5 25.Ra1 Nxc3 26.Bxc3 Ra8 27.Rxa2 Rxa2 28.Nd4
Bd5 29.Nb5 Bb8 30.Rd1 Ra8 31.h3 f6 32.Bxe5 Bxe5 33.Nc3 Bc6 34.Bc4 Kf7 35.
b4 Rc8 36.Kb3 Ke7 37.Ra1 Rc7 38.Ra6 g5 39.b5 Bxb5 40.Nxb5 Rxc5 41.Rxe6+ 
Kd7 42.Ra6 h5 43.Kb4 Rc6 44.Rxc6 Kxc6 45.Bf7 h4 46.Kc4 Kd7 47.Kd5 Ke7 48.
Bg6 Bb2 49.Nd6 Be5 50.Nf5+ Kf8 51.Ke6 Bb2 52.Bh5 Be5 53.Nd6 Kg7 54.Ne8+ 
Kh6 55.Bf7 g4 56.Nxf6 1-0

[Event "3rd EUR-ch (w)"]
[Site "Varna BUL"]
[Date "2002.06.06"]
[Round "10.5"]
[White "Peng Zhaoqin"]
[Black "Kosintseva, Tatiana"]
[Result "1-0"]
[WhiteElo "2472"]
[BlackElo "2373"]
[EventDate "2002.05.27"]
[PlyCount "63"]

1.d4 Nf6 2.Nf3 c5 3.d5 b5 4.Bg5 Ne4 5.Bh4 Bb7 6.e3 g6 7.c3 Qb6 8.Qd3 f5 9.
Nbd2 Nxd2 10.Qxd2 Bg7 11.Be2 d6 12.O-O Nd7 13.a4 a6 14.Rfe1 h6 15.Bd3 g5 
16.Bg3 O-O 17.h4 g4 18.Nh2 Ne5 19.Be2 h5 20.axb5 axb5 21.Rxa8 Bxa8 22.e4 
fxe4 23.Qg5 Bxd5 24.Qxh5 Bf7 25.Qg5 Kh7 26.Nxg4 Nc6 27.h5 Be8 28.Qd5 Bd7 
29.h6 Bh8 30.Ne3 Kxh6 31.Qxe4 Bf6 32.Bd3 1-0

[Event "3rd EUR-ch (w)"]
[Site "Varna BUL"]
[Date "2002.06.06"]
[Round "10.6"]
[White "Matveeva, Svetlana"]
[Black "Nepeina-Leconte, Maria"]
[Result "1-0"]
[WhiteElo "2437"]
[BlackElo "2308"]
[EventDate "2002.05.27"]
[PlyCount "59"]

1.d4 d5 2.c4 e6 3.Nf3 Nf6 4.Nc3 dxc4 5.e3 c5 6.Bxc4 a6 7.O-O b5 8.Bb3 Bb7 
9.Qe2 Nbd7 10.Rd1 Qb8 11.e4 cxd4 12.Nxd4 Bd6 13.g3 Nc5 14.Bc2 b4 15.Na4 
Ncxe4 16.f3 Nxg3 17.hxg3 O-O 18.g4 Be5 19.Nb3 Bc6 20.Nac5 a5 21.Nd3 Bc7 
22.Be3 e5 23.Nf2 Nd5 24.Rxd5 Bxd5 25.Qd3 Rd8 26.Qxh7+ Kf8 27.Qh8+ Ke7 28.
Bg5+ Kd7 29.Bxd8 Bxd8 30.Rd1 1-0

[Event "3rd EUR-ch (w)"]
[Site "Varna BUL"]
[Date "2002.06.06"]
[Round "10.7"]
[White "Arakhamia-Grant, Ketevan"]
[Black "Jackova, Jana"]
[Result "1-0"]
[WhiteElo "2425"]
[BlackElo "2325"]
[EventDate "2002.05.27"]
[PlyCount "71"]

1.e4 e5 2.Nf3 Nc6 3.Bb5 a6 4.Ba4 Nf6 5.O-O Be7 6.Re1 b5 7.Bb3 O-O 8.a4 Bb7
9.d3 d6 10.Nbd2 Qd7 11.Nf1 Rae8 12.Bd2 Bd8 13.axb5 axb5 14.c4 bxc4 15.Bxc4
Ne7 16.Qb3 Bc6 17.Ne3 Ng6 18.g3 Be7 19.Ng5 Nh8 20.Ne6 Rb8 21.Nxf8 Qe8 22.
Qc2 Bxf8 23.Ra7 Rb7 24.Rea1 Rxa7 25.Rxa7 Qb8 26.Ra5 Bd7 27.b4 c6 28.Qa2 
Qe8 29.Ra8 Qe7 30.Ra7 Qe8 31.Qa5 Ng6 32.Ra8 Qe7 33.Nf5 Bxf5 34.exf5 d5 35.
Bb3 Nh8 36.Qd8 1-0

[Event "3rd EUR-ch (w)"]
[Site "Varna BUL"]
[Date "2002.06.06"]
[Round "10.10"]
[White "Slavina, Irina"]
[Black "Kachiani-Gersinska, Ketino"]
[Result "1/2-1/2"]
[WhiteElo "2370"]
[BlackElo "2465"]
[EventDate "2002.05.27"]
[PlyCount "81"]

1.d4 Nf6 2.Nf3 g6 3.g3 Bg7 4.Bg2 O-O 5.O-O d6 6.c4 Nc6 7.d5 Na5 8.Qa4 c5 
9.Bd2 b6 10.Bc3 Rb8 11.Nbd2 Bd7 12.Qc2 b5 13.b3 Bf5 14.Qd1 bxc4 15.bxc4 
Ne8 16.Bxg7 Nxg7 17.Ne1 Rb2 18.e4 Bg4 19.Qc1 Rb8 20.f3 Bd7 21.Nd3 e5 22.f4
f6 23.Qc3 Qc7 24.Rab1 Nb7 25.h3 Qa5 26.Qxa5 Nxa5 27.fxe5 fxe5 28.Rxf8+ 
Rxf8 29.Bf1 Nh5 30.Kg2 Nf6 31.Be2 h5 32.Nc1 Ba4 33.Rb2 Kg7 34.a3 Bd7 35.
Na2 Nh7 36.g4 h4 37.Nc3 g5 38.Bd1 Nf6 39.Ba4 Bc8 40.Nb5 Bd7 41.Nc3 1/2-1/2

[Event "3rd EUR-ch (w)"]
[Site "Varna BUL"]
[Date "2002.06.06"]
[Round "10.11"]
[White "Maric, Alisa"]
[Black "Repkova, Eva"]
[Result "1-0"]
[WhiteElo "2455"]
[BlackElo "2345"]
[EventDate "2002.05.27"]
[PlyCount "57"]

1.Nf3 c5 2.c4 g6 3.d4 cxd4 4.Nxd4 Nc6 5.e4 Bg7 6.Be3 d6 7.Nc3 Nf6 8.Be2 
O-O 9.O-O Bd7 10.f3 Rc8 11.Qd2 a6 12.Rfd1 Qc7 13.Rac1 Qb8 14.Nb3 Be6 15.
Nd5 Nd7 16.Nf4 Nc5 17.Bf1 Ne5 18.Nxe6 Nxe6 19.Qf2 Nd7 20.Qc2 Ndc5 21.Nd2 
a5 22.Nb1 b6 23.Nc3 Qb7 24.Nd5 Rfe8 25.h4 h5 26.b3 Nc7 27.g3 N7e6 28.Qe2 
Rcd8 29.Kf2 1-0

[Event "3rd EUR-ch (w)"]
[Site "Varna BUL"]
[Date "2002.06.06"]
[Round "10.12"]
[White "Dworakowska, Joanna"]
[Black "Kononenko, Tatiana"]
[Result "1/2-1/2"]
[WhiteElo "2445"]
[BlackElo "2370"]
[EventDate "2002.05.27"]
[PlyCount "70"]

1.e4 e6 2.d4 d5 3.Nc3 Bb4 4.e5 Ne7 5.a3 Bxc3+ 6.bxc3 c5 7.Qg4 Kf8 8.Bd2 b6
9.h4 Ba6 10.Bxa6 Nxa6 11.h5 h6 12.Ne2 Rc8 13.Qf3 Nb8 14.g4 Qd7 15.g5 hxg5 
16.Bxg5 Nf5 17.h6 Nxh6 18.Nf4 Rh7 19.Nh5 Ng8 20.Nf6 Rxh1+ 21.Qxh1 gxf6 22.
Bxf6 Qa4 23.Qh8 Nd7 24.Qg7+ Ke8 25.Qxg8+ Nf8 26.Kd2 cxd4 27.Rh1 dxc3+ 28.
Kd1 Qxa3 29.Rh7 Rc7 30.Rh8 Rc4 31.Ke2 Rf4 32.f3 Qb4 33.Bg7 Qc4+ 34.Ke1 
Re4+ 35.fxe4 Qxe4+ 1/2-1/2

[Event "3rd EUR-ch (w)"]
[Site "Varna BUL"]
[Date "2002.06.06"]
[Round "10.13"]
[White "Bojkovic, Natasa"]
[Black "Aleksieva, Silvia"]
[Result "1/2-1/2"]
[WhiteElo "2431"]
[BlackElo "2334"]
[EventDate "2002.05.27"]
[PlyCount "45"]

1.c4 g6 2.Nf3 Bg7 3.d4 c5 4.e4 Qb6 5.dxc5 Qxc5 6.Bd3 d6 7.h3 Qb4+ 8.Nbd2 
Nc6 9.O-O Nf6 10.a3 Qb6 11.Rb1 a5 12.b4 axb4 13.axb4 Nd7 14.Bb2 Bxb2 15.
Rxb2 O-O 16.Qc2 Qa7 17.Qc3 b6 18.Rbb1 Qa3 19.Rb3 Qa7 20.Rbb1 Qa3 21.Rb3 
Qa7 22.Nb1 Nde5 23.Nxe5 1/2-1/2

[Event "3rd EUR-ch (w)"]
[Site "Varna BUL"]
[Date "2002.06.06"]
[Round "10.14"]
[White "Shumiakina, Tatiana"]
[Black "Vasylevich, Tatiana"]
[Result "1/2-1/2"]
[WhiteElo "2366"]
[BlackElo "2421"]
[EventDate "2002.05.27"]
[PlyCount "83"]

1.d4 Nf6 2.c4 e6 3.Nc3 Bb4 4.Qc2 d5 5.cxd5 Qxd5 6.e3 e5 7.Bd2 Bxc3 8.Bxc3 
exd4 9.Bxd4 Bf5 10.Qa4+ Nc6 11.Nf3 O-O 12.Bxf6 gxf6 13.Rd1 Qc5 14.Be2 Rad8
15.O-O Qb4 16.Qxb4 Nxb4 17.Rc1 c6 18.Nd4 Be6 19.Nxe6 fxe6 20.Bc4 Nd5 21.e4
Nc7 22.Rfd1 Kg7 23.Kf1 e5 24.Ke2 Rfe8 25.b4 Kf8 26.Ke3 Ke7 27.f4 Ne6 28.
Bxe6 Kxe6 29.a4 Rxd1 30.Rxd1 b6 31.f5+ Ke7 32.g4 Rc8 33.h4 h6 34.Rc1 Kd6 
35.g5 hxg5 36.hxg5 fxg5 37.Rh1 c5 38.Rh6+ Kd7 39.Rh7+ Kd6 40.Rh6+ Kd7 41.
Rh7+ Kd6 42.Rh6+ 1/2-1/2

[Event "3rd EUR-ch (w)"]
[Site "Varna BUL"]
[Date "2002.06.06"]
[Round "10.16"]
[White "Alexandrova, Olga"]
[Black "Schuurman, Petra"]
[Result "1/2-1/2"]
[WhiteElo "2413"]
[BlackElo "2283"]
[EventDate "2002.05.27"]
[PlyCount "85"]

1.d4 Nf6 2.c4 c5 3.d5 b5 4.Nf3 g6 5.cxb5 a6 6.bxa6 Bxa6 7.Nc3 Bg7 8.g3 d6 
9.Bg2 Nbd7 10.Rb1 Nb6 11.b3 O-O 12.O-O Ra7 13.Re1 Qa8 14.e4 Ng4 15.Bb2 Rb8
16.h3 Ne5 17.Nxe5 Bxe5 18.Qc2 Nd7 19.Nd1 c4 20.bxc4 Rab7 21.Nc3 Bxc4 22.
Ba1 Nc5 23.Rxb7 Rxb7 24.Bf1 Bxf1 25.Kxf1 Rb4 26.Qe2 Bxc3 27.Bxc3 Rxe4 28.
Qb5 Rxe1+ 29.Kxe1 f6 30.Qc6 Qb8 31.Ke2 Kf7 32.Bd4 Qb1 33.Bxc5 Qxa2+ 34.Kf3
dxc5 35.Qxc5 Qb3+ 36.Kg2 Qd3 37.Qa5 Qe4+ 38.Kg1 Qe5 39.h4 h5 40.Qd2 Kg7 
41.Kg2 Qe4+ 42.f3 Qe5 43.Kh3 1/2-1/2

[Event "3rd EUR-ch (w)"]
[Site "Varna BUL"]
[Date "2002.06.06"]
[Round "10.17"]
[White "Zayats, Elena"]
[Black "Danielian, Elina"]
[Result "1/2-1/2"]
[WhiteElo "2346"]
[BlackElo "2411"]
[EventDate "2002.05.27"]
[PlyCount "77"]

1.d4 d5 2.c4 c6 3.Nf3 Nf6 4.Qb3 dxc4 5.Qxc4 Bf5 6.g3 e6 7.Bg2 Nbd7 8.Nc3 
Be7 9.O-O O-O 10.a4 Rc8 11.a5 Ne4 12.Qb3 b6 13.axb6 axb6 14.Ra7 Ndf6 15.
Nh4 Re8 16.Nxf5 exf5 17.Be3 b5 18.Nxe4 fxe4 19.Rc1 Qd5 20.Qc2 Qh5 21.f3 
exf3 22.exf3 Nd5 23.Bf2 Bf6 24.h4 g5 25.Qf5 Qg6 26.Qxg6+ hxg6 27.hxg5 Bxg5
28.f4 Bf6 29.Bh3 Rcd8 30.Rxc6 Re2 31.Rd7 Rxd7 32.Bxd7 Kg7 33.Rd6 Nc7 34.b3
Rb2 35.Rc6 Nd5 36.Rc5 Rxf2 37.Rxd5 Rf3 38.Kg2 Rxb3 39.Rxb5 1/2-1/2

[Event "3rd EUR-ch (w)"]
[Site "Varna BUL"]
[Date "2002.06.06"]
[Round "10.18"]
[White "Foisor, Cristina"]
[Black "Khasanova, Elmira"]
[Result "0-1"]
[WhiteElo "2437"]
[BlackElo "2256"]
[EventDate "2002.05.27"]
[PlyCount "114"]

1.c4 c5 2.g3 Nc6 3.Bg2 g6 4.Nc3 Bg7 5.d3 e5 6.a3 Nge7 7.Rb1 a5 8.Nf3 O-O 
9.Nd2 d6 10.Nf1 f5 11.Ne3 Be6 12.Ned5 Kh8 13.Bd2 f4 14.b4 axb4 15.axb4 
cxb4 16.Nxb4 Nd4 17.O-O Qd7 18.Nc2 Ndc6 19.Nd5 Rab8 20.Nb6 Qe8 21.e3 g5 
22.Bc3 Qg6 23.Re1 Ng8 24.d4 Nf6 25.e4 Ng4 26.f3 Nxh2 27.d5 fxg3 28.dxe6 
Qh5 29.Re3 g4 30.Ne1 gxf3 31.Nxf3 Nxf3+ 32.Rxf3 Qh2+ 33.Kf1 Rxf3+ 34.Qxf3 
Rf8 35.Qxf8+ Bxf8 36.Nd5 Qh6 37.Be1 Qxe6 38.Bxg3 Na5 39.Rb5 Qf7+ 40.Kg1 
Nxc4 41.Bh4 Nd2 42.Bf6+ Bg7 43.Rb2 Nxe4 44.Bxe4 Bxf6 45.Rc2 Bd8 46.Rh2 b5 
47.Rb2 Qa7+ 48.Kg2 Qd4 49.Rb4 Qd2+ 50.Kf3 Bb6 51.Kg4 Bc5 52.Rb1 h5+ 53.Kf5
Kg7 54.Rxb5 Qf2+ 55.Kg5 Be3+ 56.Kxh5 Qe2+ 57.Kh4 Bf2+ 0-1

[Event "3rd EUR-ch (w)"]
[Site "Varna BUL"]
[Date "2002.06.06"]
[Round "10.20"]
[White "Muller, Anne"]
[Black "Ovod, Evgenia"]
[Result "0-1"]
[WhiteElo "2167"]
[BlackElo "2379"]
[EventDate "2002.05.27"]
[PlyCount "64"]

1.e4 e5 2.Nf3 Nc6 3.Bb5 Bc5 4.O-O Nf6 5.Nxe5 Nxe5 6.d4 a6 7.Be2 Nxe4 8.
dxc5 Nxc5 9.b4 Ne6 10.f4 Nc6 11.Bb2 Qe7 12.a3 f5 13.Bh5+ Kd8 14.Re1 a5 15.
bxa5 Rxa5 16.Kh1 b6 17.Nc3 Bb7 18.Nd5 Qc5 19.Bf3 Ncd4 20.Rxe6 Nxe6 21.c4 
Bxd5 22.cxd5 Nxf4 23.Bxg7 Re8 24.Bf6+ Kc8 25.Bd4 Qd6 26.Rc1 Rxa3 27.Qc2 
Nd3 28.Rb1 Re1+ 29.Rxe1 Nxe1 30.Qxf5 Nxf3 31.gxf3 Ra2 32.Qh5 Qg6 0-1